[Event "16. Obert Int. Sant Martí 2014 Grupo B"]
[Site "Barcelona ESP"]
[Date "2014.07.15"]
[Round "3.12"]
[White "Flores Mendoza, Jose Antonio"]
[Black "Roig Ruiz, Carles"]
[Result "1-0"]
[WhiteElo "1905"]
[BlackElo "1997"]
[PlyCount "89"]
[EventDate "2014.07.13"]
[EventType "swiss"]
[EventRounds "9"]
[EventCountry "ESP"]
[Source "lmi"]
[SourceDate "2014.07.13"]

1. d4 g6 2. e4 Bg7 3. Bc4 d6 4. Be3 Nf6 5. f3 O-O 6. Nc3 c6 7. Bb3 e5 8. Nge2
Na6 9. Qd2 exd4 10. Bxd4 Nc5 11. O-O-O Nxb3+ 12. axb3 Ne8 13. Bxg7 Kxg7 14. g4
Qh4 15. Ng3 Be6 16. Rdg1 h6 17. h3 Rg8 18. f4 Kf8 19. f5 Bc8 20. fxg6 Rxg6 21.
Nf5 Bxf5 22. exf5 Rg7 23. Ne4 f6 24. Qb4 a5 25. Qd4 Re7 26. Rd1 d5 27. Nc5 Ng7
28. Nd3 Nxf5 29. Qc5 Ng7 30. Rde1 Rae8 31. Rxe7 Rxe7 32. Re1 f5 33. gxf5 Nxf5
34. Rxe7 Qxe7 35. Qxa5 Kf7 36. Qa8 Kg7 37. Qc8 Kf6 38. Qh8+ Kg5 39. Qg8+ Qg7
40. Qe6 Qe7 41. h4+ Kxh4 42. Qxf5 Qe3+ 43. Kd1 Kg3 44. Qg6+ Kf3 45. Ne1+ 1-0

[Event "16. Obert Int. Sant Martí 2014 Grupo B"]
[Site "Barcelona ESP"]
[Date "2014.07.15"]
[Round "3.13"]
[White "Minhaz, Rashed"]
[Black "Ji, Pablo"]
[Result "1/2-1/2"]
[WhiteElo "2086"]
[BlackElo "1931"]
[PlyCount "89"]
[EventDate "2014.07.13"]
[EventType "swiss"]
[EventRounds "9"]
[EventCountry "ESP"]
[Source "lmi"]
[SourceDate "2014.07.13"]

1. e4 c5 2. Nf3 d6 3. d4 cxd4 4. Nxd4 Nf6 5. Nc3 g6 6. Be3 Bg7 7. Be2 O-O 8.
O-O Nc6 9. Bf3 Ne5 10. Be2 Bd7 11. f4 Nc6 12. Nxc6 Bxc6 13. Bf3 b6 14. Nd5 Rc8
15. c3 e6 16. Nxf6+ Bxf6 17. f5 Qe7 18. Bd4 exf5 19. exf5 Bxd4+ 20. Qxd4 Rfe8
21. f6 Qe5 22. Rae1 Qxd4+ 23. cxd4 Bxf3 24. Rxe8+ Rxe8 25. Rxf3 Re6 26. d5 Re5
27. Rc3 h5 28. Rc8+ Kh7 29. Rf8 Rxd5 30. Rxf7+ Kh6 31. Rxa7 Rd1+ 32. Kf2 Rd2+
33. Kf3 Rxb2 34. Ra8 Rb5 35. Ke4 Rf5 36. Rf8 Kg5 37. f7 Kf6 38. Rb8 Kxf7 39.
Rxb6 Rf2 40. g4 Rxa2 41. gxh5 gxh5 42. Rxd6 Rxh2 43. Kf3 Ra2 44. Kg3 Ra4 45.
Rh6 1/2-1/2

[Event "16. Obert Int. Sant Martí 2014 Grupo B"]
[Site "Barcelona ESP"]
[Date "2014.07.15"]
[Round "3.14"]
[White "Perez Garcia, Adria"]
[Black "Castellet Menchon, Didac"]
[Result "0-1"]
[WhiteElo "1979"]
[BlackElo "2080"]
[PlyCount "108"]
[EventDate "2014.07.13"]
[EventType "swiss"]
[EventRounds "9"]
[EventCountry "ESP"]
[Source "lmi"]
[SourceDate "2014.07.13"]

1. e4 c5 2. c3 g6 3. d4 cxd4 4. cxd4 d5 5. e5 Bg7 6. Nf3 Bg4 7. Nc3 Nh6 8. h3
Bxf3 9. Qxf3 e6 10. Nb5 O-O 11. Nd6 Qb6 12. Qc3 Nc6 13. Be3 Nf5 14. Nxf5 exf5
15. Qb3 Qxb3 16. axb3 f4 17. Bxf4 Nxd4 18. Rd1 Nc2+ 19. Kd2 Nb4 20. Bh2 Rac8
21. Bd3 Bh6+ 22. f4 Rfe8 23. Rhe1 Nc6 24. Bb5 Rxe5 25. Rxe5 Nxe5 26. Ke1 Rc5
27. Be2 Nc6 28. Bf3 Nb4 29. Ke2 b6 30. Rd4 a5 31. g4 Bg7 32. Rd2 d4 33. Be4 f5
34. gxf5 gxf5 35. Bb1 Kf7 36. Bg1 Rc1 37. Rd1 d3+ 38. Kd2 Rc6 39. Bxd3 Nxd3 40.
Kxd3 Bxb2 41. Ke2 Rc2+ 42. Rd2 Rxd2+ 43. Kxd2 b5 44. Kc2 Ba3 45. Kd3 Ke6 46.
Bb6 a4 47. bxa4 bxa4 48. Kc4 Bd6 49. Be3 a3 50. Kb3 Kd5 51. Bc1 Ke4 52. h4 h5
53. Ka2 Kf3 54. Bd2 Kg4 0-1

[Event "16. Obert Int. Sant Martí 2014 Grupo B"]
[Site "Barcelona ESP"]
[Date "2014.07.15"]
[Round "3.15"]
[White "Peiron Lluch, Jose Daniel"]
[Black "Navarro Gutierrez, Andres Camilo"]
[Result "0-1"]
[WhiteElo "1990"]
[BlackElo "2078"]
[PlyCount "76"]
[EventDate "2014.07.13"]
[EventType "swiss"]
[EventRounds "9"]
[EventCountry "ESP"]
[Source "lmi"]
[SourceDate "2014.07.13"]

1. d4 g6 2. e3 c5 3. Bd3 Bg7 4. c3 d5 5. f4 Qc7 6. Nf3 Bg4 7. Nbd2 cxd4 8. cxd4
Nf6 9. O-O O-O 10. Qe1 Nc6 11. a3 e6 12. Qh4 Bf5 13. Bxf5 exf5 14. Ne5 Ne8 15.
b4 f6 16. Nef3 Nd6 17. Bb2 Rfe8 18. Rfe1 Qb6 19. Nb3 a5 20. Nc5 Re7 21. Na4 Qd8
22. Bc3 Nc4 23. Qf2 Qe8 24. Bd2 Nxd4 25. exd4 Rxe1+ 26. Qxe1 Qxa4 27. Qe6+ Kh8
28. Qxd5 Nxd2 29. Nxd2 axb4 30. Qxb7 bxa3 31. Qd5 Bf8 32. Nc4 Rb8 33. Qf7 a2
34. Qxf6+ Bg7 35. Qd6 Rb1+ 36. Kf2 h6 37. Ne5 Rxa1 38. Nxg6+ Kh7 0-1

[Event "16. Obert Int. Sant Martí 2014 Grupo B"]
[Site "Barcelona ESP"]
[Date "2014.07.15"]
[Round "3.16"]
[White "Martinez Ferrer, Rafael"]
[Black "Jimenez Martinez, Xavier"]
[Result "1/2-1/2"]
[WhiteElo "1931"]
[BlackElo "2066"]
[PlyCount "94"]
[EventDate "2014.07.13"]
[EventType "swiss"]
[EventRounds "9"]
[EventCountry "ESP"]
[Source "lmi"]
[SourceDate "2014.07.13"]

1. d4 Nf6 2. Nf3 g6 3. Bf4 Bg7 4. e3 d6 5. Bc4 O-O 6. Nbd2 Nbd7 7. h3 c5 8. c3
b6 9. Qc2 Bb7 10. O-O Rc8 11. Qd3 d5 12. Bb5 a6 13. Ba4 Ne4 14. Qe2 b5 15. Bc2
Nef6 16. Rac1 Qb6 17. Rfd1 b4 18. dxc5 Nxc5 19. Nb3 bxc3 20. bxc3 Nfe4 21. Bxe4
Nxe4 22. Qd3 Nxc3 23. Rd2 Ne4 24. Rdc2 e6 25. Ne5 Bxe5 26. Bxe5 f6 27. Bd4 Qd6
28. Nc5 Rb8 29. Nxb7 Rxb7 30. Rc6 Qb8 31. Rxe6 Rc7 32. Rb1 Qc8 33. Rxa6 Rc4 34.
Ra7 Rc1+ 35. Rxc1 Qxc1+ 36. Qf1 Qc2 37. f3 Rb8 38. Kh2 Nd2 39. Qf2 Rb1 40. g4
Rf1 41. Ra8+ Kf7 42. Ra7+ Ke8 43. Ra8+ Kd7 44. Ra7+ Kc8 45. Ra8+ Kd7 46. Ra7+
Kc6 47. Ra6+ Kd7 1/2-1/2

[Event "16. Obert Int. Sant Martí 2014 Grupo B"]
[Site "Barcelona ESP"]
[Date "2014.07.15"]
[Round "3.17"]
[White "Petit Montes, Marc"]
[Black "Olive Oller, Guim"]
[Result "1-0"]
[WhiteElo "2040"]
[BlackElo "1989"]
[PlyCount "159"]
[EventDate "2014.07.13"]
[EventType "swiss"]
[EventRounds "9"]
[EventCountry "ESP"]
[Source "lmi"]
[SourceDate "2014.07.13"]

1. b3 d5 2. e3 c5 3. Bb2 Nc6 4. Bb5 Nf6 5. f4 Bf5 6. Nf3 g6 7. d3 Bg7 8. Bxc6+
bxc6 9. Qe2 O-O 10. Nbd2 Qa5 11. O-O Rab8 12. h3 c4 13. dxc4 Ne4 14. Bxg7 Ng3
15. Qf2 Nxf1 16. Bxf8 Nxd2 17. Bxe7 Re8 18. Nxd2 Rxe7 19. cxd5 Qc3 20. Re1 cxd5
21. Nf3 a5 22. Nd4 Be4 23. a4 Re8 24. Re2 Rc8 25. f5 Qa1+ 26. Kh2 Qa3 27. f6
Qd6+ 28. Kg1 Kf8 29. Qh4 h5 30. g4 Qe5 31. g5 Rc3 32. Qf4 Qe8 33. Qd6+ Kg8 34.
Qe7 Qb8 35. Kf2 Rc8 36. h4 Qh2+ 37. Ke1 Qxh4+ 38. Kd2 Qg4 39. c4 dxc4 40. bxc4
Bc6 41. Nxc6 Qxc4 42. Qd7 Qxc6 43. Qxc6 Rxc6 44. Kd3 Kf8 45. Rb2 Ke8 46. Rb5
Ra6 47. Rb8+ Kd7 48. Rb7+ Ke6 49. Ke4 Rc6 50. Re7+ Kd6 51. Rxf7 Rc4+ 52. Kf3
Rxa4 53. Ra7 Ra1 54. Kf2 Ra2+ 55. Kf3 Ra1 56. Rg7 a4 57. Rxg6 a3 58. Ke4 Ke6
59. Rg8 Rg1 60. Ra8 Rg4+ 61. Kf3 Rxg5 62. Rxa3 Rf5+ 63. Ke4 Re5+ 64. Kd4 Kxf6
65. e4 Rb5 66. Ra6+ Ke7 67. e5 Rb4+ 68. Kd5 Rb5+ 69. Ke4 Rb4+ 70. Kf5 Rb1 71.
Ra7+ Ke8 72. Rh7 Rh1 73. Kg5 Re1 74. Kf6 Rh1 75. Rh8+ Kd7 76. e6+ Kd6 77. Rd8+
Kc7 78. e7 Rf1+ 79. Kg7 Rg1+ 80. Kh6 1-0

[Event "16. Obert Int. Sant Martí 2014 Grupo B"]
[Site "Barcelona ESP"]
[Date "2014.07.15"]
[Round "3.18"]
[White "Pallares Gurrea, Aitor Alexander"]
[Black "Cano Sevila, Ivan"]
[Result "1-0"]
[WhiteElo "1956"]
[BlackElo "2039"]
[PlyCount "85"]
[EventDate "2014.07.13"]
[EventType "swiss"]
[EventRounds "9"]
[EventCountry "ESP"]
[Source "lmi"]
[SourceDate "2014.07.13"]

1. Nf3 Nf6 2. g3 d5 3. Bg2 Bf5 4. O-O c6 5. d3 h6 6. Nbd2 e6 7. Nh4 Bh7 8. e4
dxe4 9. dxe4 Be7 10. e5 Nd5 11. Qg4 O-O 12. Ne4 Kh8 13. c4 Nb4 14. Rd1 Qc7 15.
Bd2 Nd7 16. Nf3 Bf5 17. Qf4 Nd3 18. Qe3 N7xe5 19. Nxe5 Nxe5 20. Bc3 Ng4 21. Qc1
Bxe4 22. Bxe4 Bc5 23. Rf1 Rad8 24. b4 Bd4 25. Bg2 Bxc3 26. Qxc3 Nf6 27. Rac1
Rd7 28. b5 cxb5 29. cxb5 Qxc3 30. Rxc3 Rfd8 31. Bf3 Nd5 32. Ra3 b6 33. Kg2 Rc7
34. Rd1 Kg8 35. Rad3 Rcd7 36. Rc1 Ne3+ 37. Rxe3 Rd2 38. Re2 R2d7 39. Rec2 Rd2
40. a3 g6 41. Rxd2 Rxd2 42. Rc7 Rb2 43. Bc6 1-0

[Event "16. Obert Int. Sant Martí 2014 Grupo B"]
[Site "Barcelona ESP"]
[Date "2014.07.15"]
[Round "3.19"]
[White "Corominas Garrido, Antoni"]
[Black "Arroyo Morales, Jaime"]
[Result "1/2-1/2"]
[WhiteElo "2034"]
[BlackElo "1923"]
[PlyCount "68"]
[EventDate "2014.07.13"]
[EventType "swiss"]
[EventRounds "9"]
[EventCountry "ESP"]
[Source "lmi"]
[SourceDate "2014.07.13"]

1. c4 Nf6 2. Nc3 g6 3. g3 Bg7 4. Bg2 O-O 5. Nf3 d6 6. O-O Nc6 7. Rb1 a5 8. a3
h6 9. d3 e5 10. Re1 Be6 11. b4 axb4 12. axb4 Qd7 13. Nd2 Bh3 14. Bh1 Rab8 15.
b5 Ne7 16. e4 c6 17. Nf1 Qc7 18. Bg2 Bd7 19. h3 Nc8 20. Be3 cxb5 21. Nxb5 Bxb5
22. Rxb5 Nd7 23. Qd2 Kh7 24. Reb1 b6 25. h4 Na7 26. R5b2 Nc5 27. Bxc5 bxc5 28.
Ne3 Rxb2 29. Qxb2 Nc6 30. Nd5 Qb8 31. Qxb8 Rxb8 32. Rxb8 Nxb8 33. Bh3 Nc6 34.
Bd7 Nd4 1/2-1/2

[Event "16. Obert Int. Sant Martí 2014 Grupo B"]
[Site "Barcelona ESP"]
[Date "2014.07.15"]
[Round "3.20"]
[White "Baum, Jonasz"]
[Black "Navas Martin, Jordi"]
[Result "1-0"]
[WhiteElo "1632"]
[BlackElo "2024"]
[PlyCount "87"]
[EventDate "2014.07.13"]
[EventType "swiss"]
[EventRounds "9"]
[EventCountry "ESP"]
[Source "lmi"]
[SourceDate "2014.07.13"]

1. e4 g6 2. d4 Bg7 3. Nc3 d6 4. Be3 Nf6 5. f3 Nbd7 6. Nge2 c6 7. Qd2 b5 8. g4
b4 9. Nd1 a5 10. h4 h6 11. Nf2 e5 12. Nd3 Ba6 13. dxe5 Nxe5 14. Nxe5 dxe5 15.
O-O-O Qxd2+ 16. Rxd2 Nd7 17. Ng3 Bxf1 18. Rxf1 Ke7 19. Rfd1 Rhd8 20. Rd6 Rac8
21. h5 Nf8 22. Bc5 Rxd6 23. Rxd6 Ke8 24. hxg6 Nxg6 25. Bb6 Bf8 26. Rd1 a4 27.
Nf5 a3 28. b3 Nf4 29. Nd6+ Bxd6 30. Rxd6 Ne6 31. Be3 Ke7 32. Rd2 c5 33. Bxh6 c4
34. Kd1 Nd4 35. f4 cxb3 36. cxb3 Nb5 37. Ke2 Nc3+ 38. Ke3 Rd8 39. Bg5+ f6 40.
Bxf6+ Kxf6 41. Rxd8 exf4+ 42. Kxf4 Nxa2 43. g5+ Ke7 44. g6 1-0

[Event "16. Obert Int. Sant Martí 2014 Grupo B"]
[Site "Barcelona ESP"]
[Date "2014.07.15"]
[Round "3.21"]
[White "Garcia Ruiz, Adrian"]
[Black "Salazar Navas, Josep"]
[Result "1-0"]
[WhiteElo "2023"]
[BlackElo "1927"]
[PlyCount "147"]
[EventDate "2014.07.13"]
[EventType "swiss"]
[EventRounds "9"]
[EventCountry "ESP"]
[Source "lmi"]
[SourceDate "2014.07.13"]

1. e4 c6 2. d4 d5 3. Nc3 dxe4 4. Nxe4 Nf6 5. Nxf6+ gxf6 6. Nf3 Bg4 7. Be2 e6 8.
h3 Bh5 9. Bf4 Bd6 10. Bxd6 Qxd6 11. Qd2 Rg8 12. g3 Rxg3 13. fxg3 Qxg3+ 14. Kf1
Bxf3 15. Rg1 Qxh3+ 16. Kf2 Bxe2 17. Kxe2 Qh2+ 18. Kd3 Qxd2+ 19. Kxd2 Nd7 20.
Rg8+ Nf8 21. Rf1 Ke7 22. Rh1 Rd8 23. Ke3 Rd5 24. Rg4 Rg5 25. Rf4 Rg3+ 26. Rf3
Rxf3+ 27. Kxf3 Kd6 28. Rh5 e5 29. Ke4 exd4 30. Kxd4 b6 31. Kc4 Ke6 32. a4 f5
33. Rh6+ f6 34. a5 f4 35. axb6 axb6 36. Kd4 Kf5 37. Kd3 Kg5 38. Rh1 h5 39. Ke2
Ng6 40. Rg1+ Kf5 41. Ra1 b5 42. Ra3 Kg4 43. Kf2 h4 44. Ra8 Ne5 45. Rg8+ Kf5 46.
Rh8 Ng6 47. Rc8 Ne5 48. Rh8 Ng6 49. Rc8 h3 50. Rxc6 h2 51. Kg2 Ne5 52. Rc5 f3+
53. Kxh2 Kf4 54. Kg1 Kg3 55. Rxb5 Nc4 56. Rb3 f5 57. Rd3 f4 58. b4 Ne3 59. Rd2
Nc4 60. Rf2 Ne3 61. Rd2 Nc4 62. Rf2 Nb6 63. b5 Nc4 64. c3 Nb6 65. Rb2 Nc4 66.
Ra2 Nb6 67. Ra6 f2+ 68. Kf1 Nc4 69. Ra1 Ne3+ 70. Ke2 Nc4 71. Rf1 Kg2 72. Rxf2+
Kg3 73. Rf1 Nb6 74. Rg1+ 1-0

[Event "16. Obert Int. Sant Martí 2014 Grupo B"]
[Site "Barcelona ESP"]
[Date "2014.07.15"]
[Round "3.22"]
[White "Serra Vilaro, Agusti"]
[Black "Brandt, Stefan"]
[Result "1/2-1/2"]
[WhiteElo "2013"]
[BlackElo "1889"]
[PlyCount "93"]
[EventDate "2014.07.13"]
[EventType "swiss"]
[EventRounds "9"]
[EventCountry "ESP"]
[Source "lmi"]
[SourceDate "2014.07.13"]

1. d4 Nf6 2. c3 c5 3. e3 b6 4. f4 Bb7 5. Nf3 g6 6. Bd3 Bg7 7. O-O d6 8. Nbd2
Nbd7 9. e4 O-O 10. Qe1 cxd4 11. cxd4 e5 12. fxe5 dxe5 13. d5 Ne8 14. Nb3 Nd6
15. Bd2 a5 16. Rc1 a4 17. Na1 Nc5 18. Bb1 Ba6 19. Rf2 Bd3 20. Rxc5 Bxb1 21. Rc6
Nxe4 22. Qxb1 Nxf2 23. Kxf2 Qxd5 24. Qc1 e4 25. Ne1 Qf5+ 26. Kg1 Rac8 27. Be3
Qd7 28. Rxc8 Rxc8 29. Nac2 Qb5 30. Qd2 Qxb2 31. Qd7 Qc3 32. Qxa4 Qc6 33. Qb4
Bf8 34. Qxb6 Qxb6 35. Bxb6 Ra8 36. a3 Bxa3 37. Nxa3 Rxa3 38. g3 Ra2 39. Ng2 f5
40. Bc7 Kf7 41. Bf4 Ke6 42. Ne3 Kf6 43. h4 Ke6 44. Kf1 Kd7 45. Nd5 Ke6 46. Ne3
Kf7 47. Bh6 1/2-1/2

[Event "16. Obert Int. Sant Martí 2014 Grupo B"]
[Site "Barcelona ESP"]
[Date "2014.07.15"]
[Round "3.23"]
[White "Pujal Moncho, Joaquim"]
[Black "Laszczak, Przemyslaw"]
[Result "0-1"]
[WhiteElo "1997"]
[BlackElo "1610"]
[PlyCount "64"]
[EventDate "2014.07.13"]
[EventType "swiss"]
[EventRounds "9"]
[EventCountry "ESP"]
[Source "lmi"]
[SourceDate "2014.07.13"]

1. c4 c6 2. Nc3 d5 3. d4 Nf6 4. h3 e6 5. Bg5 Bd6 6. c5 Bc7 7. Nf3 O-O 8. Qc2 h6
9. Bd2 Nbd7 10. e3 e5 11. dxe5 Nxe5 12. Nxe5 Bxe5 13. Bd3 Be6 14. f4 Bc7 15.
Ne2 Re8 16. g4 Ne4 17. O-O-O Nf2 18. Bc3 Nxd1 19. Kxd1 b6 20. Rg1 bxc5 21. f5
Bd7 22. f6 gxf6 23. h4 Be5 24. Bd2 Kg7 25. g5 fxg5 26. hxg5 hxg5 27. Nf4 Bxf4
28. exf4 g4 29. Qxc5 Qb6 30. Bc3+ f6 31. Bxf6+ Kxf6 32. Qd6+ Re6 0-1

[Event "16. Obert Int. Sant Martí 2014 Grupo B"]
[Site "Barcelona ESP"]
[Date "2014.07.15"]
[Round "3.24"]
[White "Torrents Señal, Marc"]
[Black "Febrero Perez, Lluis"]
[Result "0-1"]
[WhiteElo "1991"]
[BlackElo "1887"]
[PlyCount "58"]
[EventDate "2014.07.13"]
[EventType "swiss"]
[EventRounds "9"]
[EventCountry "ESP"]
[Source "lmi"]
[SourceDate "2014.07.13"]

1. d4 Nf6 2. c4 g6 3. Nc3 d5 4. cxd5 Nxd5 5. e4 Nxc3 6. bxc3 Bg7 7. Be3 O-O 8.
Qd2 b6 9. Bc4 e5 10. d5 Bb7 11. Bb3 Nd7 12. f3 b5 13. Bg5 Nf6 14. Rd1 Qe7 15.
c4 bxc4 16. Bxc4 Rfd8 17. Qa5 c6 18. Ne2 cxd5 19. Bxf6 Bxf6 20. Bxd5 Bg5 21.
Nc3 Be3 22. Ke2 Bb6 23. Qb5 Rac8 24. Bxb7 Rxd1 25. Rxd1 Rxc3 26. Bd5 Qg5 27.
Rd2 Qxg2+ 28. Kd1 Qxf3+ 29. Re2 Qf1+ 0-1

[Event "16. Obert Int. Sant Martí 2014 Grupo B"]
[Site "Barcelona ESP"]
[Date "2014.07.15"]
[Round "3.25"]
[White "Subirana Santos, Marc"]
[Black "Fuertes Buisac, Bernat"]
[Result "0-1"]
[WhiteElo "1912"]
[BlackElo "2082"]
[PlyCount "86"]
[EventDate "2014.07.13"]
[EventType "swiss"]
[EventRounds "9"]
[EventCountry "ESP"]
[Source "lmi"]
[SourceDate "2014.07.13"]

1. c4 Nf6 2. g3 g6 3. Bg2 Bg7 4. d3 O-O 5. Nc3 c5 6. Nf3 d6 7. O-O Nc6 8. a3 e5
9. e4 Nd4 10. h3 a5 11. Nxd4 cxd4 12. Nb5 Qe7 13. Bd2 Bd7 14. Nc7 Ra7 15. Nd5
Nxd5 16. cxd5 f5 17. f4 b6 18. Rc1 Bb5 19. fxe5 dxe5 20. Qb3 Qd7 21. d6+ Kh8
22. Rc7 Rxc7 23. dxc7 Rc8 24. Rc1 a4 25. Qc2 fxe4 26. Bxe4 Qxh3 27. Be1 Bh6 28.
Bb7 Be3+ 29. Bf2 Qxg3+ 30. Kf1 Bxd3+ 31. Ke1 Rxc7 32. Bxg3 Rxc2 33. Rxc2 Bxc2
34. Bxe5+ Kg8 35. Ke2 h5 36. Bd5+ Kh7 37. Bc7 Bc1 38. Bxb6 d3+ 39. Kf2 d2 40.
Bf3 d1=Q 41. Bxd1 Bxd1 42. Bd4 Kh6 43. Ke1 Bb3 0-1

[Event "16. Obert Int. Sant Martí 2014 Grupo B"]
[Site "Barcelona ESP"]
[Date "2014.07.15"]
[Round "3.26"]
[White "Fungueiriño Pique, Daniel"]
[Black "Arroyo Vega, Valenti"]
[Result "0-1"]
[WhiteElo "1864"]
[BlackElo "2084"]
[PlyCount "70"]
[EventDate "2014.07.13"]
[EventType "swiss"]
[EventRounds "9"]
[EventCountry "ESP"]
[Source "lmi"]
[SourceDate "2014.07.13"]

1. d4 Nf6 2. Bg5 h6 3. Bxf6 exf6 4. c4 f5 5. Nc3 d6 6. e3 Nd7 7. Bd3 Nf6 8. Qc2
g6 9. Nge2 Bg7 10. h3 Bd7 11. Nf4 c6 12. Qb3 Qc7 13. Rc1 O-O 14. O-O Rfe8 15.
d5 c5 16. Kh1 a6 17. Qc2 b5 18. b3 b4 19. Nd1 a5 20. a4 bxa3 21. Ra1 g5 22. Ne2
Nxd5 23. Rxa3 Nb4 24. Qb1 Nxd3 25. Qxd3 Qc6 26. Ndc3 Be6 27. Nd5 Bxd5 28. cxd5
Qb6 29. Nc3 Qb4 30. Nb5 Reb8 31. Rxa5 Qxa5 32. Nxd6 Qa6 33. Qxa6 Rxa6 34. Nxf5
Rxb3 35. Rc1 Ra1 0-1

[Event "16. Obert Int. Sant Martí 2014 Grupo B"]
[Site "Barcelona ESP"]
[Date "2014.07.15"]
[Round "3.27"]
[White "Aprea, Daniele"]
[Black "Gomez Guinovart, Josep Manel"]
[Result "1-0"]
[WhiteElo "2077"]
[BlackElo "1873"]
[PlyCount "68"]
[EventDate "2014.07.13"]
[EventType "swiss"]
[EventRounds "9"]
[EventCountry "ESP"]
[Source "lmi"]
[SourceDate "2014.07.13"]

1. d4 d5 2. e3 Nf6 3. Bd3 Bg4 4. f3 Bh5 5. Ne2 Bg6 6. c4 Bxd3 7. Qxd3 dxc4 8.
Qxc4 c6 9. Nbc3 e6 10. e4 Be7 11. Be3 Nbd7 12. Rd1 Qa5 13. a3 Rc8 14. O-O Qc7
15. Bf4 Qb6 16. b4 O-O 17. Na4 Qb5 18. Qxb5 cxb5 19. Nc5 b6 20. Nxd7 Nxd7 21.
d5 Nf6 22. d6 Bd8 23. Rc1 Rc4 24. Rxc4 bxc4 25. Nd4 Nd7 26. e5 a6 27. a4 b5 28.
a5 Re8 29. Re1 h6 30. Bg3 g5 31. h3 Kh7 32. Bh2 Rg8 33. Kf2 h5 34. g3 Rg6 1-0

[Event "16. Obert Int. Sant Martí 2014 Grupo B"]
[Site "Barcelona ESP"]
[Date "2014.07.15"]
[Round "3.28"]
[White "Mamontova, Anastasia"]
[Black "Corominas Garrido, Jordi"]
[Result "1-0"]
[WhiteElo "1858"]
[BlackElo "2077"]
[PlyCount "81"]
[EventDate "2014.07.13"]
[EventType "swiss"]
[EventRounds "9"]
[EventCountry "ESP"]
[Source "lmi"]
[SourceDate "2014.07.13"]

1. e4 e6 2. d4 d5 3. e5 c5 4. c3 Nc6 5. Nf3 Qb6 6. a3 c4 7. Be2 Bd7 8. Nbd2 Na5
9. Rb1 O-O-O 10. b3 Nxb3 11. Nxc4 dxc4 12. Bxc4 Qc7 13. Qxb3 h6 14. O-O Ne7 15.
Bd2 Bc6 16. Be2 Nd5 17. Rfc1 Nb6 18. a4 Bxa4 19. Qa2 Bc6 20. Qxa7 Nd5 21. c4
Qb8 22. Qxb8+ Kxb8 23. cxd5 Bxd5 24. Ba5 Rc8 25. Rxc8+ Kxc8 26. Rc1+ Kb8 27.
Bc7+ Kc8 28. Bb5 Ba3 29. Rc3 Bb4 30. Rc2 Be4 31. Rc4 Bd5 32. Rxb4 Kxc7 33. Nd2
Ra8 34. Ra4 Rc8 35. f3 Kb6 36. Bc4 Bc6 37. Rb4+ Ka5 38. Rb2 b5 39. Bd3 Rd8 40.
Kf2 Rxd4 41. Nb3+ 1-0

[Event "16. Obert Int. Sant Martí 2014 Grupo B"]
[Site "Barcelona ESP"]
[Date "2014.07.15"]
[Round "3.29"]
[White "Catarineu Rabell, Manel"]
[Black "Maltsev, Andrey"]
[Result "1-0"]
[WhiteElo "2071"]
[BlackElo "1867"]
[PlyCount "97"]
[EventDate "2014.07.13"]
[EventType "swiss"]
[EventRounds "9"]
[EventCountry "ESP"]
[Source "lmi"]
[SourceDate "2014.07.13"]

1. d4 Nf6 2. c4 g6 3. Nc3 Bg7 4. e4 d6 5. f3 O-O 6. Be3 Ne8 7. Qd2 f5 8. O-O-O
b6 9. h4 h5 10. Nge2 Nf6 11. Bh6 fxe4 12. fxe4 Ng4 13. Bxg7 Kxg7 14. Rg1 Nd7
15. Nf4 Ndf6 16. Bd3 e5 17. dxe5 Nxe5 18. Be2 Qe7 19. g3 Bg4 20. Rgf1 Rae8 21.
Nfd5 Nxd5 22. exd5 Bxe2 23. Qxe2 Ng4 24. Qxe7+ Rxe7 25. Rxf8 Kxf8 26. Rf1+ Ke8
27. Kd2 a6 28. Rf3 Re5 29. a4 g5 30. hxg5 Rxg5 31. b3 Ne5 32. Re3 Rg4 33. Ne4
Kf7 34. Nf2 Rg6 35. Nh3 Rg4 36. Nf2 Rg7 37. Nh3 Kf6 38. Nf4 Kf5 39. Nxh5 Rh7
40. Nf4 Ng4 41. Re2 Ne5 42. Ne6 Kg4 43. Kc3 Kxg3 44. Nd4 Rh4 45. Nf5+ Kf3 46.
Rxe5 Rf4 47. Nd4+ Rxd4 48. Kxd4 dxe5+ 49. Kxe5 1-0

[Event "16. Obert Int. Sant Martí 2014 Grupo B"]
[Site "Barcelona ESP"]
[Date "2014.07.15"]
[Round "3.30"]
[White "Fernandez Martin, Javier"]
[Black "Romeo Ros, Joaquim"]
[Result "1-0"]
[WhiteElo "2058"]
[BlackElo "1858"]
[PlyCount "77"]
[EventDate "2014.07.13"]
[EventType "swiss"]
[EventRounds "9"]
[EventCountry "ESP"]
[Source "lmi"]
[SourceDate "2014.07.13"]

1. e4 e5 2. Nc3 Nf6 3. g3 Nc6 4. Bg2 Bc5 5. Nge2 d6 6. Na4 Bb6 7. Nxb6 axb6 8.
O-O Be6 9. h3 Qd7 10. Kh2 O-O 11. f4 Bc4 12. d3 Bb5 13. Nc3 Nd4 14. Be3 c5 15.
f5 Bc6 16. Bg5 Ne8 17. f6 Ne6 18. fxg7 N8xg7 19. Bf6 Ne8 20. Qg4+ N6g7 21. Qxd7
Bxd7 22. Be7 Bc6 23. Rf2 f6 24. Bxf8 Kxf8 25. Nd5 Bxd5 26. exd5 Ke7 27. Be4 h6
28. a3 Nc7 29. Raf1 Rf8 30. g4 Nb5 31. h4 Nd4 32. c3 Nb5 33. g5 hxg5 34. hxg5
Rh8+ 35. Kg3 f5 36. Bxf5 Rh5 37. Bg4 Rxg5 38. Kh3 Ne8 39. Rf7+ 1-0

[Event "16. Obert Int. Sant Martí 2014 Grupo B"]
[Site "Barcelona ESP"]
[Date "2014.07.15"]
[Round "3.31"]
[White "Liarte Genoves, Sergi"]
[Black "Pascual Gonzalez-Novelles, David"]
[Result "1-0"]
[WhiteElo "2051"]
[BlackElo "1855"]
[PlyCount "55"]
[EventDate "2014.07.13"]
[EventType "swiss"]
[EventRounds "9"]
[EventCountry "ESP"]
[Source "lmi"]
[SourceDate "2014.07.13"]

1. e4 e5 2. Nc3 Nf6 3. f4 d6 4. Nf3 Nc6 5. Bb5 Bd7 6. d3 Be7 7. Bxc6 Bxc6 8.
fxe5 dxe5 9. Nxe5 Bd7 10. O-O O-O 11. Nxd7 Qxd7 12. Qf3 c6 13. Bg5 h6 14. Be3
Nh7 15. Ne2 Ng5 16. Bxg5 Bxg5 17. Rad1 Qe7 18. c3 Rad8 19. Nd4 Qc5 20. Kh1 Rd6
21. Nf5 Re6 22. h4 Bd8 23. Qh5 Qe5 24. Rf3 g5 25. Nxh6+ Kg7 26. Nf5+ Kg8 27.
hxg5 Rg6 28. Rh3 1-0

[Event "16. Obert Int. Sant Martí 2014 Grupo B"]
[Site "Barcelona ESP"]
[Date "2014.07.15"]
[Round "3.32"]
[White "Valbuena Castro, Gregorio"]
[Black "Ayza Casamitjana, Antoni"]
[Result "1-0"]
[WhiteElo "1851"]
[BlackElo "2017"]
[PlyCount "47"]
[EventDate "2014.07.13"]
[EventType "swiss"]
[EventRounds "9"]
[EventCountry "ESP"]
[Source "lmi"]
[SourceDate "2014.07.13"]

1. e4 c5 2. b4 cxb4 3. d4 d5 4. e5 Nc6 5. a3 Qb6 6. Be3 Bf5 7. Bd3 Bxd3 8. Qxd3
e6 9. Nf3 bxa3 10. Nxa3 Qb2 11. O-O Bxa3 12. Rfb1 Qxa1 13. Rxa1 Be7 14. Qb5 Rb8
15. Rxa7 Nh6 16. Rxb7 Rxb7 17. Qxb7 Nd8 18. Qb5+ Kf8 19. Bg5 Nf5 20. Qd7 f6 21.
g4 fxg5 22. gxf5 exf5 23. e6 h6 24. Ne5 1-0

[Event "16. Obert Int. Sant Martí 2014 Grupo B"]
[Site "Barcelona ESP"]
[Date "2014.07.15"]
[Round "3.33"]
[White "Flores Liñan, Josep Luis"]
[Black "Serentill Tost, Eduard"]
[Result "1-0"]
[WhiteElo "2016"]
[BlackElo "1854"]
[PlyCount "71"]
[EventDate "2014.07.13"]
[EventType "swiss"]
[EventRounds "9"]
[EventCountry "ESP"]
[Source "lmi"]
[SourceDate "2014.07.13"]

1. d4 Nf6 2. c4 g6 3. d5 Bg7 4. Nc3 d6 5. e4 e5 6. Nge2 O-O 7. Ng3 c5 8. Be2
Nbd7 9. O-O a6 10. f4 h6 11. f5 g5 12. Be3 Nb6 13. Qd2 Nh7 14. Nh5 Bh8 15. h4
f6 16. hxg5 fxg5 17. g4 Bd7 18. Rf2 Be8 19. Ng3 Nf6 20. Rh2 Bg7 21. Kg2 Kf7 22.
a3 Rh8 23. b4 cxb4 24. axb4 Qc7 25. c5 Nbd7 26. Qa2 Nb6 27. Rc1 Nc8 28. b5 Ne7
29. b6 Qb8 30. c6 bxc6 31. dxc6+ Kf8 32. Nd5 Bf7 33. Nxf6 Bxa2 34. Nd7+ Kf7 35.
Nxb8 Raxb8 36. c7 1-0